| 000 | 00477pab a2200169 454500 | ||
|---|---|---|---|
| 008 | 180718b1979 xxu||||| |||| 00| 0 eng d | ||
| 100 | _aSwaminathan, Mina | ||
| 245 | _aInnovative approaches in management of child welfare services - A case study | ||
| 260 | _c1979 | ||
| 300 | _ap.689-699. | ||
| 362 | _aJul-Sep | ||
| 650 | _aChild welfare - Case studies | ||
| 650 | _aChild welfare | ||
| 773 | _aIndian Journal of Public Administration | ||
| 908 | _aN | ||
| 909 | _a88395 | ||
| 999 |
_c88395 _d88395 |
||